Principios de genética
Enregistré dans:
| Auteur principal: | |
|---|---|
| Format: | Livre |
| Langue: | espagnol |
| Publié: |
Ciudad de México
Limusa
1971
|
| Édition: | 2a. ed |
| Sujets: | |
| Tags: |
Ajouter un tag
Pas de tags, Soyez le premier à ajouter un tag!
|
MARC
| LEADER | 00000nam a2200000 a 4500 | ||
|---|---|---|---|
| 001 | UCT1964 | ||
| 003 | CL-VaPUC | ||
| 008 | 961004e19710000MX |||||||||||||||||spa|d | ||
| 082 | 0 | 4 | |a 575.1 |b GAR |2 21 |
| 100 | |a Gardner, Eldon J |e author |9 371019 | ||
| 245 | 1 | 0 | |a Principios de genética |
| 250 | |a 2a. ed | ||
| 300 | |a 551 p | ||
| 942 | |c BK | ||
| 945 | |d 19961004 00:00:00 |a paguirre | ||
| 260 | |a Ciudad de México |b Limusa |c 1971 | ||
| 650 | 0 | |a Genética |9 259443 | |
| 650 | 0 | |a Adaptación biológica |9 337262 | |
| 650 | 0 | |a Herencia |9 256325 | |
| 650 | 7 | |a MUTACION |2 CL-VaPUC |9 344072 | |
| 650 | 0 | |a Evolución |9 259442 | |
| 650 | 0 | |a Citogenética |9 269678 | |
| 650 | 0 | |a Biología celular |9 341055 | |
| 650 | 0 | |a Cromosomas |9 344073 | |
| 583 | |a last modification |c 19961004 00:00:00 |k Rodrigo Vera | ||
| 999 | |c 252282 |d 252280 | ||